American democracy in theory and practice / (Record no. 12701)
[ view plain ]
| 000 -CABECERA | |
|---|---|
| campo de control de longitud fija | 00703cam a2200193 a 4500 |
| 001 - NÚMERO DE CONTROL | |
| campo de control | 000013059 |
| 005 - FECHA Y HORA DE LA ÚLTIMA TRANSACCIÓN | |
| campo de control | 20200929163129.0 |
| 008 - DATOS DE LONGITUD FIJA--INFORMACIÓN GENERAL | |
| campo de control de longitud fija | 810226s1966 nyu 001 0 eng |
| 040 ## - FUENTE DE LA CATALOGACIÓN | |
| Centro catalogador/agencia de origen | DO-SdBNP |
| Lengua de catalogación | eng |
| Centro/agencia transcriptor | BNPHU |
| 050 00 - SIGNATURA TOPOGRÁFICA DE LA BIBLIOTECA DEL CONGRESO | |
| Número de clasificación | JK274 |
| Número de documento/Ítem | .C278 1965 |
| 100 1# - ENTRADA PRINCIPAL--NOMBRE DE PERSONA | |
| Nombre de persona | Carr, Robert Kenneth, |
| Fechas asociadas al nombre | 1908- |
| 9 (RLIN) | 30182 |
| 245 10 - MENCIÓN DE TÍTULO | |
| Título | American democracy in theory and practice / |
| Mención de responsabilidad, etc. | essentials of national, state, and local government. |
| 250 ## - MENCIÓN DE EDICIÓN | |
| Mención de edición | 3a ed. |
| 260 ## - PUBLICACIÓN, DISTRIBUCIÓN, ETC. | |
| Lugar de publicación, distribución, etc. | New York : |
| Nombre del editor, distribuidor, etc. | Holt, Rinehart and Winston, |
| Fecha de publicación, distribución, etc. | 1966. |
| 300 ## - DESCRIPCIÓN FÍSICA | |
| Extensión | 658 p. : |
| Otras características físicas | il. ; |
| Dimensiones | 24 cm. |
| 651 #0 - PUNTO DE ACCESO ADICIONAL DE MATERIA--NOMBRE GEOGRÁFICO | |
| Nombre geográfico | United States |
| Subdivisión general | Politics And Government |
| Subdivisión de forma | Handbooks, manuals, etc. |
| 9 (RLIN) | 30183 |
| 700 1# - PUNTO DE ACCESO ADICIONAL--NOMBRE DE PERSONA | |
| Nombre de persona | Bernstein, Marver H. |
| 9 (RLIN) | 30184 |
| 700 1# - PUNTO DE ACCESO ADICIONAL--NOMBRE DE PERSONA | |
| Nombre de persona | Murphy, Walter F., |
| Fechas asociadas al nombre | 1929- |
| 9 (RLIN) | 30185 |
| Estado de retiro | Estado de pérdida | Restricciones de uso | No para préstamo | Código de colección | Localización permanente | Ubicación/localización actual | Ubicación en estantería | Fecha de adquisición | Número de inventario | Total de préstamos | Signatura topográfica completa | Código de barras | Fecha visto por última vez | Precio válido a partir de | Tipo de ítem Koha | Número de copia |
|---|---|---|---|---|---|---|---|---|---|---|---|---|---|---|---|---|
| Excluido de préstamo | Monografías: Libros y Folletos | General | General | Depósito | 19.11.2009 | LF1 | 13059-10 | 25.06.2020 | 25.06.2020 | No se presta | ||||||
| Extraviado | Excluido de préstamo | Monografías: Libros y Folletos | General | General | Extraviado | 19.04.2017 | LF1 | 13059-20 | 25.06.2020 | 25.06.2020 | No se presta | e. 2 |
